| 000 | 01149nam a22002657a 4500 | ||
|---|---|---|---|
| 999 |
_c65781 _d65781 |
||
| 005 | 20240530110843.0 | ||
| 008 | 200912s2020 ua a f b 000 0dara d | ||
| 017 |
_a2020/2681 _bمصر. دار الكتب |
||
| 020 | _a9789771814016 | ||
| 040 |
_aEG-CaGPL _cEG-CaGPL |
||
| 082 | 0 | 4 |
_221 _a962.16 _bق/ف ق |
| 100 | 0 | _aفؤاد فرج | |
| 245 | 1 | 2 |
_aالقاهرة : _bتاريخ المدن القديمة ودليل المدن الحديثة / _cتاليف فؤاد فرج ؛ دراسة وتقديم راضى محمد جودة |
| 250 | _aط.1 | ||
| 260 |
_aالقاهرة : _bمطبعة دار الكتب و الوثائق القومية بالقاهرة ، _c2020 |
||
| 300 |
_a596 ص. ؛ _c24 سم. |
||
| 500 | _aفى رأس العنوان : المدن المصرية وتطوراتها مع العصور | ||
| 504 | _aيشتمل على ارجاعات ببليوجرافية | ||
| 650 | _2qrmak | ||
| 651 | 0 | 7 |
_2qrmak _aالقاهرة _xتاريخ |
| 651 | 0 | 7 |
_aالمدن المصرية _xتاريخ _2qrmak |
| 700 | 0 |
_aراضى محمد جودة _eمقدم |
|
| 942 |
_2ddc _cBK |
||